Minecraft Mobs: Hoglin - Statistics

General Stats
  • This quiz has been taken 6 times
  • The average score is 8 of 11
Answer Stats
Question Answer % Correct
What meat can a hoglin drop when killed? Porkchop
100%
What mob does a hoglin turn into in the overworld? Zoglin
100%
What is an adult hoglin's height in blocks? 1.4
80%
How many health points does a hoglin have? 40
80%
What is one type of bastion hoglins can generate in? Bridge | Stables
80%
What item can be used to breed hoglins? Crimson Fungus
80%
What mob occasionally hunts hoglins? Piglin
80%
What biome can hoglins spawn in? Crimson Forest
60%
What other item can a hogline drop when killed? Leather
60%
What is one block hoglins avoid? Nether Portal | Respawn Anchor | Warped Fungus
60%
What is an adult hoglin's width in blocks? 1.3965
0%
No matching quizzes found
Score Distribution
Percent of People with Each Score
Percentile by Number Answered
Your Score History
You have not taken this quiz